000 00242nam a2200097Ia 4500
082 _aEJF DUNB
245 0 _aTiger-lily gold
100 _a DUNBAR, Fiona London, 2009
_975892
942 _cBK
008 210817s9999 xx 000 0 und d
999 _c251497
_d251496